Statistics for Word Scramble - Historical People

Click here to take the quiz!

General Stats

  • This quiz has been taken 182 times
  • The average score is 18 of 25

Answer Stats

ScramblePerson% Correct
Cresthophir LumcubosChristopher Columbus
91%
Lark XarmKarl Marx
91%
Noaj of CarJoan of Arc
89%
OplatPlato
87%
Oh Ich NimhHo Chi Minh
86%
Suiluj ReasacJulius Caesar
86%
Ponaloen NobaterpaNapoleon Bonaparte
85%
Dexaleran het TregaAlexander the Great
82%
Hec VareguaChe Guevara
77%
Sephjo NaslitJoseph Stalin
77%
Samoa Nib DenalOsama Bin Laden
76%
Foldla LitherAdolf Hitler
74%
Tinmar Hertul GinkMartin Luther King
74%
Gegeor TishanwonGeorge Washington
73%
Bramaha CillnonAbraham Lincoln
72%
ErostatliAristotle
70%
TorihihoHirohito
69%
SetcrosaSocrates
69%
FuncosuicConfucius
61%
Toto Nov CamkirbsOtto Von Bismarck
59%
Nosrefjef VisadJefferson Davis
58%
Monsi VarobilSimon Bolivar
56%
Pijos Zrob TotiJosip Broz Tito
46%
Chonalis IINicholas II
38%
RiovactiVictoria
27%

Score Distribution

Percentile by Number Answered

Percent of People with Each Score

Your Score History

You have not taken this quiz